00453nam a2200157Ia 45000030006000000080041000060400015000471000017000622450026000792600020001055460012001259420012001379990017001490050017001669520112001830STCL150530s9999 xx 000 0 und d aSTCLcSTCL aThomas Hardy aMayor of casterbridge bMacmillanc1965 aEnglish 2ddccBK c59198d5919820220125171100.0 00102ddc4070aSTCALbSTCALcGENd2015-05-30g5.00l0o823-988p8750r2015-05-30 00:00:00w2015-05-30yBK